Sufism (Record no. 752131)
[ view plain ]
| 000 -LEADER | |
|---|---|
| fixed length control field | 01019nam a22001937a 4500 |
| 003 - CONTROL NUMBER IDENTIFIER | |
| control field | OSt |
| 005 - DATE AND TIME OF LATEST TRANSACTION | |
| control field | 20251008151440.0 |
| 008 - FIXED-LENGTH DATA ELEMENTS--GENERAL INFORMATION | |
| fixed length control field | 251008b |||||||| |||| 00| 0 eng d |
| 020 ## - INTERNATIONAL STANDARD BOOK NUMBER | |
| International Standard Book Number | 9789360614515 |
| 040 ## - CATALOGING SOURCE | |
| Transcribing agency | kul |
| 082 ## - DEWEY DECIMAL CLASSIFICATION NUMBER | |
| Classification number | 297.4 YAS |
| 084 ## - OTHER CLASSIFICATION NUMBER | |
| Source of Number | Colon Classification |
| 100 ## - MAIN ENTRY--PERSONAL NAME | |
| Personal name | Muhammad Yaser |
| 9 (RLIN) | 2766 |
| 245 ## - TITLE STATEMENT | |
| Title | Sufism |
| Remainder of title | : Islam's Contribution to Metaphysics |
| 260 ## - PUBLICATION, DISTRIBUTION, ETC. | |
| Place of publication, distribution, etc. | New Delhi, |
| Name of publisher, distributor, etc. | Pinakin Publishing, |
| Date of publication, distribution, etc. | 2025. |
| 300 ## - PHYSICAL DESCRIPTION | |
| Extent | 272p. |
| 520 ## - SUMMARY, ETC. | |
| Summary, etc. | “Sufism: Islam’s Contribution to Metaphysics” explores the metaphysical dimensions of Sufism and its impact on Islamic philosophy. The book delves into the mystical aspects of Sufi thought, examining how Sufism contributes to understanding concepts such as divine unity, the nature of existence, and spiritual enlightenment. This book provides a detailed analysis of key Sufi thinkers and their philosophical contributions, making it a valuable resource for scholars and students interested in Islamic metaphysics and mysticism. |
| 942 ## - ADDED ENTRY ELEMENTS (KOHA) | |
| Source of classification or shelving scheme | Dewey Decimal Classification |
| Koha item type | Book |
| Withdrawn status | Lost status | Source of classification or shelving scheme | Damaged status | Not for loan | Home library | Current library | Shelving location | Date acquired | Total Checkouts | Full call number | Barcode | Date last seen | Price effective from | Koha item type |
|---|---|---|---|---|---|---|---|---|---|---|---|---|---|---|
| Dewey Decimal Classification | Dept. of Islamic Studies | Dept. of Islamic Studies | Book Cart | 08/10/2025 | 297.4 YAS | ISL8300 | 08/10/2025 | 08/10/2025 | Book |
